[Event "III Open A"]
[Site "Biella ITA"]
[Date "2012.09.29"]
[Round "2"]
[White "Bonade', Massimo"]
[Black "Stella, Andrea"]
[WhiteElo "2081"]
[BlackElo "2456"]
[Result "0-1"]
[PlyCount "90"]
[EventDate "2012.09.28"]

1. d4 Nf6 2. c4 g6 3. Nc3 d5 4. Bf4 Bg7 5. e3 c5 6. dxc5 Qa5 7. Rc1 dxc4 8.
Bxc4 O-O 9. Nf3 Qxc5 10. Bb3 Qa5 11. O-O Na6 12. Qe2 Nc5 13. Bc4 Be6 14. Rfd1
Bxc4 15. Qxc4 Ne6 16. Nd5 Nxd5 17. Rxd5 Qb6 18. Be5 Bxe5 19. Nxe5 Rfd8 20.
Rxd8+ Rxd8 21. Qc3 Qd6 22. h3 Qd2 23. Kf1 Qd5 24. a3 Ng5 25. Qc7 Ne6 26. Qc3
Ng5 27. Qc7 Kf8 28. h4 Ne6 29. Qc3 f6 30. Nf3 Qb5+ 31. Kg1 Kf7 32. Qc2 Rd6 33.
b4 Qa6 34. h5 Qxa3 35. hxg6+ hxg6 36. Nh4 Qd3 37. Qc8 g5 38. Nf3 Qe4 39. Rc4
Qh7 40. Nd4 Nxd4 41. exd4 Qe4 42. Qa8 Qe1+ 43. Kh2 Qxf2 44. Rc8 Qh4+ 45. Kg1
Qxd4+ 0-1

[Event "III Open A"]
[Site "Biella ITA"]
[Date "2012.09.29"]
[Round "2"]
[White "Capaliku, Aleks"]
[Black "Collutiis, Duilio"]
[WhiteElo "2114"]
[BlackElo "2501"]
[Result "0-1"]
[PlyCount "68"]
[EventDate "2012.09.28"]

1. f4 g6 2. e4 d5 3. e5 c5 4. d4 cxd4 5. Qxd4 Nc6 6. Bb5 e6 7. c4 Bd7 8. Bxc6
Bxc6 9. cxd5 Bxd5 10. Nf3 Ne7 11. O-O Nf5 12. Qd3 Qb6+ 13. Kh1 Rd8 14. Qe2 Be7
15. Nc3 Bc6 16. Nd2 Qe3 17. Re1 Qxe2 18. Rxe2 Nd4 19. Rf2 Bh4 20. Rf1 Nc2 21.
Rb1 Ne3 22. Rg1 Bf2 23. Nde4 Bxg1 24. Nf6+ Kf8 25. Kxg1 Nxg2 26. b3 Kg7 27. Ba3
Nxf4 28. Be7 Rd2 29. Nfe4 Rhd8 30. Bf6+ Kf8 31. Bxd8 Rxd8 32. Rf1 Nh3+ 33. Kg2
Ng5 34. Re1 Rd4 0-1

[Event "III Open A"]
[Site "Biella ITA"]
[Date "2012.09.29"]
[Round "2"]
[White "Ceschia, Ivano"]
[Black "Barbero, Marco"]
[WhiteElo "2291"]
[BlackElo "1935"]
[Result "1-0"]
[PlyCount "117"]
[EventDate "2012.09.28"]

1. e4 d6 2. d4 Nf6 3. Nc3 e5 4. Nf3 Nbd7 5. Bc4 Be7 6. O-O O-O 7. h3 c6 8. a4
a5 9. Re1 exd4 10. Nxd4 Nc5 11. b3 Be6 12. Qe2 Bxc4 13. Qxc4 Ncxe4 14. Nxe4
Nxe4 15. Nxc6 bxc6 16. Qxe4 Bf6 17. Rb1 Re8 18. Qxe8+ Qxe8 19. Rxe8+ Rxe8 20.
Be3 Bc3 21. Rd1 d5 22. Rd3 Bb4 23. Kf1 f5 24. Bd2 Bxd2 25. Rxd2 Kf7 26. Rd3 Ke6
27. Rg3 Re7 28. Ke2 g6 29. Kd2 Kd6 30. h4 Re4 31. Rh3 Rg4 32. Rh2 h5 33. f3 Rb4
34. g3 c5 35. Re2 Rb8 36. Rg2 Rb4 37. Re2 Rb8 38. f4 c4 39. bxc4 dxc4 40. Re5
Rb1 41. Rxa5 Rg1 42. Kc3 Rxg3+ 43. Kxc4 Rg4 44. Ra6+ Kc7 45. Kd5 Rxf4 46. c4
Rxh4 47. Rxg6 Rg4 48. Rh6 h4 49. Rh7+ Kb8 50. a5 f4 51. c5 Rg5+ 52. Kc6 Rg6+
53. Kb5 f3 54. c6 Rf6 55. Kb6 Rf8 56. Rb7+ Kc8 57. Ra7 Kd8 58. Ra8+ Ke7 59.
Rxf8 1-0

[Event "III Open A"]
[Site "Biella ITA"]
[Date "2012.09.29"]
[Round "2"]
[White "Cocconcelli, Lorenzo"]
[Black "Brunello, Marina"]
[WhiteElo "2017"]
[BlackElo "2250"]
[Result "0-1"]
[PlyCount "154"]
[EventDate "2012.09.28"]

1. d4 d5 2. c4 c6 3. Nc3 Nf6 4. Nf3 e6 5. e3 Nbd7 6. Qc2 Bd6 7. g4 h6 8. Rg1
dxc4 9. Bxc4 b5 10. Bxe6 fxe6 11. Qg6+ Kf8 12. g5 Qe8 13. gxf6 Qxg6 14. Rxg6
gxf6 15. e4 h5 16. Rh6 Rxh6 17. Bxh6+ Kf7 18. O-O-O b4 19. Ne2 Ba6 20. Kd2 Rg8
21. Rc1 c5 22. e5 fxe5 23. dxc5 Nxc5 24. Nxe5+ Kf6 25. f4 Rg2 26. Nc4 Ne4+ 27.
Ke3 Bc5+ 28. Nd4 Bb7 29. Ne5 Ke7 30. Bf8+ Kxf8 31. Nd7+ Ke7 32. Nxc5 Nxc5 33.
Rxc5 Bd5 34. Rc7+ Kf6 35. Rc2 Rg1 36. b3 Re1+ 37. Re2 Rf1 38. Rd2 a5 39. Re2 h4
40. Rf2 Ra1 41. Rb2 Rf1 42. Rf2 Rc1 43. Rc2 Rxc2 44. Nxc2 Kf5 45. h3 Bg2 46.
Nd4+ Kf6 47. Nf3 Bxf3 48. Kxf3 Kf5 49. Ke3 e5 50. fxe5 Kxe5 51. Kf3 Kd4 52. Kg4
Kc3 53. Kxh4 Kb2 54. Kg5 Kxa2 55. h4 a4 56. h5 axb3 57. h6 b2 58. h7 b1=Q 59.
h8=Q Qg1+ 60. Kf4 Qf2+ 61. Ke4 Qg2+ 62. Kf4 b3 63. Qd4 Qf1+ 64. Kg3 Qe1+ 65.
Kf3 Qc1 66. Qa7+ Qa3 67. Qf7 Ka1 68. Ke2 b2 69. Qf6 Qa4 70. Kd2 Qb4+ 71. Kd1
Qb3+ 72. Kd2 Qd5+ 73. Ke3 Qc4 74. Qh8 Qc5+ 75. Kd3 Qd5+ 76. Ke3 Ka2 77. Qh2 Ka3
0-1

[Event "III Open A"]
[Site "Biella ITA"]
[Date "2012.09.29"]
[Round "2"]
[White "Forer, Erich"]
[Black "Ubezio, Marco"]
[WhiteElo "1566"]
[BlackElo "2133"]
[Result "0-1"]
[PlyCount "60"]
[EventDate "2012.09.28"]

1. d4 Nf6 2. Nf3 c5 3. e3 d5 4. Bd3 c4 5. Be2 Bf5 6. b3 b5 7. a4 Qc7 8. Nc3 a6
9. bxc4 bxc4 10. Ba3 Nc6 11. O-O h6 12. Qd2 e6 13. Bxf8 Kxf8 14. Rfb1 g5 15.
Qc1 Kg7 16. Ra2 Rhb8 17. Rab2 Rxb2 18. Rxb2 Qa5 19. Qe1 g4 20. Nh4 Ne4 21. Bf1
Qxc3 22. Qxc3 Nxc3 23. Nxf5+ exf5 24. Rb6 Rc8 25. f3 a5 26. Kf2 Nxa4 27. Rb5
Nc3 28. Rc5 a4 29. Bxc4 dxc4 30. Rxc4 Ne7 0-1

[Event "III Open A"]
[Site "Biella ITA"]
[Date "2012.09.29"]
[Round "2"]
[White "Laurenti, Stefano"]
[Black "Pulito, Alberto"]
[WhiteElo "2037"]
[BlackElo "2287"]
[Result "1/2-1/2"]
[PlyCount "69"]
[EventDate "2012.09.28"]

1. e4 b6 2. d4 Bb7 3. Nc3 e6 4. Nf3 Nf6 5. Bd3 Bb4 6. Qe2 d5 7. exd5 Qxd5 8.
O-O Qh5 9. Ne4 Nbd7 10. Ng3 Bxf3 11. Nxh5 Bxe2 12. Bxe2 Nxh5 13. Bxh5 c6 14.
Bf4 O-O 15. Bf3 Rac8 16. Be2 Nf6 17. Rad1 Rcd8 18. c4 Be7 19. Bf3 c5 20. d5
exd5 21. cxd5 Bd6 22. Bg5 Be5 23. b3 h6 24. Bxf6 Bxf6 25. Rfe1 Rd6 26. Re2 Rfd8
27. Rde1 Kf8 28. Kf1 g6 29. g3 h5 30. h4 Bc3 31. Rc1 Bd4 32. Rce1 Bc3 33. Rc1
Bd4 34. Rce1 Bc3 35. Rc1 1/2-1/2

[Event "III Open A"]
[Site "Biella ITA"]
[Date "2012.09.29"]
[Round "2"]
[White "Madiai, Federico"]
[Black "Carfagna, Alex"]
[WhiteElo "2214"]
[BlackElo "1804"]
[Result "1-0"]
[PlyCount "119"]
[EventDate "2012.09.28"]

1. e4 e5 2. Nf3 Nc6 3. Bb5 a6 4. Ba4 d6 5. c4 Rb8 6. Nc3 Bg4 7. h3 Bxf3 8. Qxf3
Nf6 9. d3 Nd7 10. Bxc6 bxc6 11. b3 Nc5 12. O-O Ne6 13. Ne2 g6 14. Bb2 Bg7 15.
Rad1 c5 16. Qg4 O-O 17. f4 exf4 18. Bxg7 Kxg7 19. Nxf4 Nxf4 20. Qxf4 Qe7 21.
Qd2 Qe5 22. Qa5 Rb6 23. Rf3 f6 24. Rdf1 Rf7 25. Kh1 Qe8 26. g4 h6 27. h4 Qe5
28. Kg2 Qb2+ 29. R1f2 Qe5 30. Rf4 Rf8 31. Kh3 Rf7 32. R4f3 Rf8 33. Kg2 Qe6 34.
Rg3 Qe5 35. h5 g5 36. Rgf3 Rf7 37. Rf5 Qe8 38. Kh3 Qd7 39. Qc3 Qe7 40. Re2 Qd7
41. Rb2 Qd8 42. a3 Qb8 43. b4 cxb4 44. axb4 c5 45. Rbf2 Qf8 46. bxc5 dxc5 47.
e5 Re6 48. exf6+ Rfxf6 49. d4 Qe7 50. R2f3 cxd4 51. Qxd4 Rd6 52. Qa1 Rde6 53.
c5 Kf7 54. Qa2 Kg7 55. Qb2 Kf7 56. Qb3 Kg7 57. Qc3 Kf7 58. Qd3 Rxf5 59. Qxf5+
Rf6 60. Qg6+ 1-0

[Event "III Open A"]
[Site "Biella ITA"]
[Date "2012.09.29"]
[Round "2"]
[White "Milchev, Nikolay"]
[Black "Gastaldello, Lorenzo"]
[WhiteElo "2422"]
[BlackElo "1926"]
[Result "1-0"]
[PlyCount "111"]
[EventDate "2012.09.28"]

1. c4 Nf6 2. Nf3 e6 3. g3 d5 4. Bg2 Be7 5. O-O O-O 6. b3 b6 7. Bb2 c5 8. e3 Bb7
9. Qe2 Nbd7 10. Nc3 a6 11. Nh4 Ne4 12. cxd5 exd5 13. Nf5 Bf6 14. d4 cxd4 15.
Nxe4 dxe4 16. exd4 Bc6 17. Rfd1 Re8 18. Nd6 Re6 19. Nxe4 Bxe4 20. Bxe4 Nf8 21.
Qd3 Ra7 22. Rac1 Rd6 23. Bf5 Ra8 24. Rc2 g6 25. Be4 Rc8 26. Rcd2 b5 27. Qf3 Ne6
28. Qe3 Rc7 29. d5 Nc5 30. Ba3 Nxe4 31. Qxe4 Rdd7 32. Re2 Bc3 33. Qe8+ Qxe8 34.
Rxe8+ Kg7 35. Bf8+ Kf6 36. Rd3 g5 37. Ra8 Be5 38. Rf3+ Kg6 39. Rxa6+ f6 40. Rd3
Rc3 41. Rd2 Rc8 42. Bb4 Rb8 43. h3 Kf7 44. Kg2 Rbd8 45. d6 Rb8 46. Kf3 Ke6 47.
Kg4 h5+ 48. Kf3 f5 49. Rc6 f4 50. g4 hxg4+ 51. hxg4 Rh8 52. Ke4 f3 53. Rd5 Bf4
54. Rxb5 Ra8 55. a4 Bxd6 56. Re5+ 1-0

[Event "III Open A"]
[Site "Biella ITA"]
[Date "2012.09.29"]
[Round "2"]
[White "Miracola, Giorgia"]
[Black "Gerola, Fausto"]
[WhiteElo "1774"]
[BlackElo "2199"]
[Result "0-1"]
[PlyCount "64"]
[EventDate "2012.09.28"]

1. e4 e5 2. Nf3 Nc6 3. Bc4 Nf6 4. d3 Be7 5. O-O O-O 6. c3 d6 7. Nbd2 h6 8. Re1
Na5 9. Bb5 a6 10. Ba4 b5 11. Bc2 c5 12. Nf1 Nc6 13. Ng3 Re8 14. d4 cxd4 15.
cxd4 Bg4 16. d5 Nd4 17. Bb1 Qd7 18. Be3 Nxf3+ 19. gxf3 Bh3 20. Kh1 Bf8 21. Rg1
Kh8 22. Bd3 Rec8 23. Qd2 Qe8 24. Rac1 Rxc1 25. Rxc1 Rc8 26. Rxc8 Qxc8 27. Qc2
Qxc2 28. Bxc2 Bd7 29. Bb6 g6 30. Kg1 h5 31. h4 Be7 32. Bc7 Ne8 0-1

[Event "III Open A"]
[Site "Biella ITA"]
[Date "2012.09.29"]
[Round "2"]
[White "Monjac, Mislav"]
[Black "Salvador, Roland"]
[WhiteElo "2109"]
[BlackElo "2484"]
[Result "0-1"]
[PlyCount "78"]
[EventDate "2012.09.28"]

1. e4 c5 2. Nf3 e6 3. d3 d5 4. Qe2 Be7 5. g3 Nf6 6. Bg2 b6 7. O-O Nc6 8. e5 Nd7
9. c4 d4 10. h4 Qc7 11. Bf4 Bb7 12. Nbd2 Nf8 13. h5 h6 14. Rfe1 g5 15. hxg6
Nxg6 16. Ne4 Nxf4 17. gxf4 O-O-O 18. a3 Rdg8 19. Nh2 Rg6 20. Kh1 f6 21. Ng3
fxe5 22. fxe5 h5 23. Qe4 Rhg8 24. Bf3 Rg5 25. Rad1 h4 26. Ne2 Rxe5 27. Qh7 Rf8
28. Ng1 Rff5 29. Ng4 Rxe1 30. Rxe1 Nd8 31. Bxb7+ Qxb7+ 32. Re4 Nf7 33. f3 Ng5
34. Qg6 Nxe4 35. Qxe6+ Qd7 36. Qxe4 Bd6 37. Nh3 Rf8 38. Ng5 Bb8 39. Qe2 Qf5 0-1

[Event "III Open A"]
[Site "Biella ITA"]
[Date "2012.09.29"]
[Round "2"]
[White "Moroni, Luca jr"]
[Black "Brunello, Sabino"]
[WhiteElo "2120"]
[BlackElo "2586"]
[Result "0-1"]
[PlyCount "72"]
[EventDate "2012.09.28"]

1. Nf3 Nf6 2. c4 g6 3. b3 Bg7 4. Bb2 O-O 5. g3 d6 6. d4 e5 7. dxe5 dxe5 8. Qxd8
Rxd8 9. Bxe5 Nc6 10. Bc3 Nb4 11. Na3 Ne4 12. Bxg7 Kxg7 13. Bg2 Nc3 14. O-O
Nxe2+ 15. Kh1 c6 16. Rae1 Nc3 17. Re3 Ncxa2 18. Ng5 h6 19. Ne4 Bf5 20. c5 Bxe4
21. Bxe4 Na6 22. Ra1 N2b4 23. Rc1 Rd4 24. Kg2 Rad8 25. h4 Nd3 26. Bxd3 Rxd3 27.
Re7 Rxb3 28. Nc4 Kf8 29. Re5 Rb5 30. Ne3 Nb4 31. Rc3 Nd3 32. Re4 Nxc5 33. Rf4
Ne6 34. Ra4 a5 35. Nc4 b6 36. Ne3 c5 0-1

[Event "III Open A"]
[Site "Biella ITA"]
[Date "2012.09.29"]
[Round "2"]
[White "Naumkin, Igor"]
[Black "Faraoni, Enrico"]
[WhiteElo "2473"]
[BlackElo "2075"]
[Result "1-0"]
[PlyCount "71"]
[EventDate "2012.09.28"]

1. d4 Nf6 2. c4 c5 3. d5 b5 4. cxb5 a6 5. bxa6 Bxa6 6. Nc3 d6 7. Nf3 g6 8. e4
Bxf1 9. Kxf1 Bg7 10. g3 O-O 11. Kg2 Nbd7 12. h3 Ra6 13. Re1 Qa8 14. Bf4 Nb6 15.
a4 Rb8 16. Re2 Nfd7 17. Qc2 Nc4 18. b3 Nce5 19. Nxe5 Nxe5 20. Ra2 e6 21. Nb5
Rc8 22. Bxe5 Bxe5 23. dxe6 fxe6 24. Qd3 Qc6 25. Rad2 c4 26. bxc4 Rxa4 27. f4
Bg7 28. Qxd6 Qxc4 29. Qd7 Bf8 30. Nd4 e5 31. fxe5 Rc7 32. Qd5+ Qxd5 33. exd5
Rcc4 34. Nf3 Rc3 35. d6 Raa3 36. d7 1-0

[Event "III Open A"]
[Site "Biella ITA"]
[Date "2012.09.29"]
[Round "2"]
[White "Rambaldi, Francesco"]
[Black "Radice, Luca"]
[WhiteElo "2277"]
[BlackElo "2029"]
[Result "1-0"]
[PlyCount "47"]
[EventDate "2012.09.28"]

1. d4 e6 2. c4 Nf6 3. Nc3 d5 4. cxd5 exd5 5. Bg5 Be7 6. e3 c6 7. Bd3 Nbd7 8.
Qc2 Nh5 9. Bxe7 Qxe7 10. O-O-O Nb6 11. Kb1 Be6 12. h3 g6 13. g4 Ng7 14. Rc1
O-O-O 15. Nf3 Kb8 16. Na4 Nxa4 17. Qxa4 h5 18. Ne5 hxg4 19. hxg4 Rh4 20. Rxh4
Qxh4 21. f4 Rc8 22. Ba6 bxa6 23. Nxc6+ Rxc6 24. Qxc6 1-0

[Event "III Open A"]
[Site "Biella ITA"]
[Date "2012.09.29"]
[Round "2"]
[White "Sanchez, Joseph"]
[Black "Boschetti, Claudio"]
[WhiteElo "2534"]
[BlackElo "2111"]
[Result "1-0"]
[PlyCount "73"]
[EventDate "2012.09.28"]

1. e4 e5 2. d4 exd4 3. Qxd4 Nc6 4. Qe3 Nf6 5. Bd2 Be7 6. Nc3 Ng4 7. Qe2 h5 8.
h3 Nge5 9. O-O-O d6 10. f4 Ng6 11. g3 Nd4 12. Qf2 c5 13. Nd5 f5 14. c3 Nc6 15.
Bd3 Be6 16. Nf3 Qd7 17. Rhe1 O-O-O 18. c4 Rdf8 19. Bc3 Bd8 20. Ne3 Nxf4 21.
gxf4 fxe4 22. Bxe4 Rxf4 23. Nd5 Rf7 24. h4 Bg4 25. Qg3 Rhf8 26. Rd3 Kb8 27.
Rde3 a6 28. Ng5 Bxg5 29. hxg5 Ka7 30. Bc2 Rf3 31. Rxf3 Rxf3 32. Qh2 Rh3 33. Qd2
b5 34. Nf4 b4 35. Bxg7 Qxg7 36. Qxd6 Bd7 37. Nxh3 1-0

[Event "III Open A"]
[Site "Biella ITA"]
[Date "2012.09.29"]
[Round "3"]
[White "Bargeri, Ludovico"]
[Black "Valsecchi, Alessio"]
[WhiteElo "1987"]
[BlackElo "2427"]
[Result "0-1"]
[PlyCount "90"]
[EventDate "2012.09.28"]

1. d4 Nf6 2. c4 g6 3. Nc3 Bg7 4. e4 d6 5. Nf3 O-O 6. Be2 Na6 7. O-O e5 8. Be3
Ng4 9. Bg5 Qe8 10. dxe5 dxe5 11. h3 h6 12. Bd2 Nf6 13. Re1 c6 14. a3 Qe7 15. b4
Rd8 16. Qc1 Kh7 17. Be3 Nh5 18. Qc2 Nc7 19. Rad1 Rxd1 20. Rxd1 Ne6 21. Bf1 Qf6
22. Rd2 Nhf4 23. Qd1 g5 24. g3 Ng6 25. Bg2 Qe7 26. Rd6 Nd4 27. c5 Nxf3+ 28.
Qxf3 Be6 29. Qd1 Qc7 30. Rd2 Re8 31. Qa4 Qb8 32. Qd1 Bf6 33. a4 Rg8 34. Qf3 Kg7
35. b5 Qc8 36. Kh2 Be7 37. Qe2 Qf8 38. bxc6 bxc6 39. Qa6 Bxc5 40. Qxc6 Bxe3 41.
fxe3 Qb4 42. Rd3 Qb3 43. Qb5 Rb8 44. Qa5 Qc2 45. Rd1 Rb3 0-1

[Event "III Open A"]
[Site "Biella ITA"]
[Date "2012.09.29"]
[Round "3"]
[White "Boschetti, Claudio"]
[Black "Lucchese, Paolo"]
[WhiteElo "2111"]
[BlackElo "1957"]
[Result "1/2-1/2"]
[PlyCount "117"]
[EventDate "2012.09.28"]

1. e4 e5 2. Bc4 Nf6 3. d4 exd4 4. Nf3 Nc6 5. Ng5 Ne5 6. Qxd4 Nxc4 7. Qxc4 d5 8.
exd5 Qxd5 9. Qe2+ Be6 10. O-O O-O-O 11. Nc3 Qc4 12. Nxe6 Qxe2 13. Nxe2 fxe6 14.
Be3 Bd6 15. h3 Nd5 16. Bg5 Rdf8 17. c4 Nf4 18. Bxf4 Bxf4 19. Rad1 Be5 20. Rd2
Rd8 21. Rc2 c5 22. Re1 Rd6 23. Kf1 Rhd8 24. Ng1 Bf6 25. Nf3 b6 26. Ke2 h6 27.
Nd2 Bd4 28. Ne4 R6d7 29. Rb1 a5 30. f3 Be5 31. b3 Bf4 32. a3 Rc7 33. g3 Be5 34.
f4 Bf6 35. Rd2 Rxd2+ 36. Nxd2 Rd7 37. Nf3 Re7 38. Rd1 Kc7 39. Ke3 e5 40. fxe5
Bxe5 41. Kf2 Bb2 42. a4 Rf7 43. Kg2 Re7 44. Kf2 Rf7 45. Rd3 Bf6 46. Ke2 Kc6 47.
Re3 Kd6 48. Re4 Kd7 49. g4 g5 50. Ke3 Bb2 51. h4 gxh4 52. Nxh4 Bd4+ 53. Kd3 Rf1
54. Nf5 Rf3+ 55. Kd2 Rxb3 56. Nxd4 cxd4 57. Rxd4+ Ke7 58. Rd5 Rg3 59. Rh5
1/2-1/2

[Event "III Open A"]
[Site "Biella ITA"]
[Date "2012.09.29"]
[Round "3"]
[White "Brociner, Beniamino"]
[Black "Davi, Alessandro"]
[WhiteElo "1981"]
[BlackElo "2122"]
[Result "0-1"]
[PlyCount "50"]
[EventDate "2012.09.28"]

1. Nf3 d5 2. d4 e6 3. g3 c5 4. Bg2 Nc6 5. O-O Nf6 6. b3 cxd4 7. Nxd4 Bc5 8. Bb2
Qe7 9. Nxc6 bxc6 10. c4 O-O 11. Nd2 Ba6 12. Qc2 Rac8 13. Rfd1 Bxf2+ 14. Kxf2
Ng4+ 15. Ke1 Qc5 16. Nf3 Qf2+ 17. Kd2 Qxg2 18. Ng5 g6 19. Bd4 dxc4 20. bxc4
Rfd8 21. Kc1 c5 22. Bg1 Ne5 23. e4 Rxd1+ 24. Qxd1 Bxc4 25. Qd6 Qxg1+ 0-1

[Event "III Open A"]
[Site "Biella ITA"]
[Date "2012.09.29"]
[Round "3"]
[White "Brunello, Marina"]
[Black "Sanchez, Joseph"]
[WhiteElo "2250"]
[BlackElo "2534"]
[Result "0-1"]
[PlyCount "84"]
[EventDate "2012.09.28"]

1. e4 d5 2. exd5 Qxd5 3. Nc3 Qd6 4. d4 Nf6 5. Bc4 a6 6. Nf3 Bg4 7. Be3 e6 8.
Be2 Nc6 9. Na4 Nd5 10. Nc5 Be7 11. O-O O-O 12. Qd2 b6 13. Nd3 Bf6 14. c3 Rfd8
15. Bg5 h6 16. Bxf6 Nxf6 17. b4 Ne4 18. Qc2 Bf5 19. Qb2 Ne7 20. Rfd1 c6 21.
Nfe1 Nd5 22. Rac1 a5 23. a3 axb4 24. axb4 Ra7 25. Ne5 Rda8 26. Bc4 c5 27. N1d3
f6 28. Nf3 cxb4 29. cxb4 Kh8 30. h3 Ra3 31. Re1 Ng5 32. Nxg5 hxg5 33. Red1 g4
34. hxg4 Bxg4 35. Rd2 Bf5 36. b5 g5 37. Rdd1 Kg7 38. Ra1 Nc3 39. Re1 Rxa1 40.
Rxa1 Rxa1+ 41. Qxa1 Qxd4 42. Nb2 Ne4 0-1

[Event "III Open A"]
[Site "Biella ITA"]
[Date "2012.09.29"]
[Round "3"]
[White "Brunello, Sabino"]
[Black "Rambaldi, Francesco"]
[WhiteElo "2586"]
[BlackElo "2277"]
[Result "1-0"]
[PlyCount "87"]
[EventDate "2012.09.28"]

1. Nf3 Nf6 2. c4 c5 3. e3 g6 4. d4 cxd4 5. exd4 Bg7 6. Nc3 O-O 7. Bg5 d6 8. h3
Nc6 9. Be2 e5 10. O-O h6 11. Be3 e4 12. Nd2 Re8 13. d5 Ne5 14. Qb3 Ned7 15. Nb5
Nc5 16. Qa3 b6 17. b4 Na6 18. Rad1 g5 19. Nb3 Qd7 20. N3d4 Nb8 21. Nc6 Nxc6 22.
dxc6 Qxc6 23. Rxd6 Qb7 24. Rd2 Qb8 25. Nd6 Rd8 26. Nxe4 Rxd2 27. Nxf6+ Bxf6 28.
Bxd2 Bb7 29. Bf3 Qc7 30. Bxb7 Qxb7 31. Be3 Rc8 32. c5 bxc5 33. bxc5 Be7 34. Rc1
Rc6 35. Qd3 Qc8 36. Rc4 Qe6 37. Re4 Qf5 38. g4 Qf6 39. Qd5 Bf8 40. Re8 Re6 41.
Rxe6 fxe6 42. Qe4 Qf7 43. c6 Bd6 44. Bxa7 1-0

[Event "III Open A"]
[Site "Biella ITA"]
[Date "2012.09.29"]
[Round "3"]
[White "Collutiis, Duilio"]
[Black "Aghayev, Miragha"]
[WhiteElo "2501"]
[BlackElo "2238"]
[Result "1-0"]
[PlyCount "49"]
[EventDate "2012.09.28"]

1. g3 Nf6 2. Bg2 c5 3. Nf3 e6 4. O-O Be7 5. c4 O-O 6. b3 b6 7. Bb2 Bb7 8. e3 d5
9. Qe2 Nbd7 10. Nc3 Rc8 11. Rfd1 Qc7 12. cxd5 Nxd5 13. Nxd5 Bxd5 14. e4 Bb7 15.
d4 cxd4 16. Nxd4 Rfd8 17. Rac1 Qb8 18. Rxc8 Qxc8 19. Rc1 Qa8 20. Rc7 Qb8 21.
Nxe6 fxe6 22. Qg4 Kf7 23. Qxg7+ Ke8 24. Bf3 Rc8 25. Bf6 1-0

[Event "III Open A"]
[Site "Biella ITA"]
[Date "2012.09.29"]
[Round "3"]
[White "Cossar, Claudio"]
[Black "Ceschia, Ivano"]
[WhiteElo "2081"]
[BlackElo "2291"]
[Result "0-1"]
[PlyCount "134"]
[EventDate "2012.09.28"]

1. d4 Nf6 2. Nf3 g6 3. Bf4 Bg7 4. e3 d6 5. h3 O-O 6. Be2 Nbd7 7. O-O b6 8. Nbd2
Bb7 9. a4 a5 10. c3 Qe8 11. Bh2 e5 12. Qb3 Qe7 13. Qa3 e4 14. Ne1 Nd5 15. Nc2
f5 16. c4 N5f6 17. f3 exf3 18. Bxf3 Bxf3 19. Rxf3 Ne4 20. Nxe4 Qxe4 21. Qb3 Rf7
22. Rf4 Qe7 23. Raf1 Raf8 24. Bg3 Bh6 25. R4f3 Nf6 26. Bh4 g5 27. Be1 Ne4 28.
c5 dxc5 29. Rxf5 Kg7 30. Qd5 Rxf5 31. Rxf5 Rxf5 32. Qxf5 Nd6 33. Qd5 Qe4 34.
Qxe4 Nxe4 35. Kf1 Kf6 36. g4 Ke6 37. Ke2 Kd5 38. b3 Bf8 39. Kd3 Bg7 40. Bc3
Nf2+ 41. Ke2 Nxh3 42. Kf3 Ng1+ 43. Kf2 Ke4 44. Ne1 cxd4 45. exd4 Nh3+ 46. Kg3
Nf4 47. Bd2 Ne2+ 48. Kf2 Nxd4 49. Bxg5 Nxb3 50. Nf3 Nc5 51. Bd8 Ne6 52. Be7 Kf4
53. g5 Kf5 54. Ke3 Be5 55. g6 Bf4+ 56. Kd3 Kxg6 57. Ke4 Bg3 58. Kd5 Kf7 59. Ba3
h5 60. Bc1 h4 61. Ng1 Ke7 62. Kc6 Nd8+ 63. Kb5 Kd7 64. Be3 Ne6 65. Bxb6 cxb6
66. Kxb6 Bc7+ 67. Kb5 Ng5 0-1

[Event "III Open A"]
[Site "Biella ITA"]
[Date "2012.09.29"]
[Round "3"]
[White "Di Chiara, Mauro"]
[Black "Capaliku, Aleks"]
[WhiteElo "1962"]
[BlackElo "2114"]
[Result "0-1"]
[PlyCount "160"]
[EventDate "2012.09.28"]

1. Nf3 d5 2. d4 c6 3. c4 e6 4. g3 f5 5. Bg2 Nf6 6. O-O Bd6 7. b3 O-O 8. Ba3
Bxa3 9. Nxa3 b6 10. Ne5 Bb7 11. cxd5 exd5 12. Nc2 Nbd7 13. Nxd7 Qxd7 14. Ne1
Rae8 15. Nd3 Qd6 16. Rc1 Ba6 17. Re1 Re7 18. e3 Rc8 19. Bf1 c5 20. dxc5 bxc5
21. Nf4 Bxf1 22. Kxf1 g5 23. Ne2 Qe5 24. Qd3 Qe4 25. Qxe4 fxe4 26. Red1 Kf7 27.
b4 c4 28. Nc3 Rd7 29. a4 Ke6 30. Rd4 Ng4 31. Rcd1 Rcd8 32. h3 Nh2+ 33. Kg2 Nf3
34. Nxe4 dxe4 35. Rxe4+ Kf5 36. Rxd7 Ne1+ 37. Kf1 Rxd7 38. Rxc4 Nd3 39. Ke2 Nb2
40. Rc5+ Kf6 41. a5 Nd3 42. Rc6+ Ke5 43. b5 Nb4 44. f4+ gxf4 45. gxf4+ Kd5 46.
Rc1 Rb7 47. e4+ Kd4 48. b6 axb6 49. axb6 Rxb6 50. Kf3 Rh6 51. Rh1 Nd3 52. h4
Rf6 53. f5 Ke5 54. Rd1 Rd6 55. Ra1 Nc5 56. Ra5 Rd3+ 57. Ke2 Rc3 58. Kd2 Rc4 59.
Ra7 Nxe4+ 60. Kd3 Rc3+ 61. Ke2 Nf6 62. Ra5+ Kf4 63. Kf2 Rc2+ 64. Kg1 Re2 65.
Kf1 Re5 66. Ra7 Rxf5 67. Kg2 Kg4 68. Rf7 Kxh4 69. Kg1 Kg3 70. Rg7+ Kf4 71. Rf7
h5 72. Ra7 Kg3 73. Ra1 Rf3 74. Kh1 Ng4 75. Rg1+ Kf4 76. Ra1 h4 77. Rb1 Rd3 78.
Rb4+ Kg3 79. Rb1 Nf2+ 80. Kg1 h3 0-1

[Event "III Open A"]
[Site "Biella ITA"]
[Date "2012.09.29"]
[Round "3"]
[White "Gagliardi, Christian"]
[Black "Laurenti, Stefano"]
[WhiteElo "2217"]
[BlackElo "2037"]
[Result "1/2-1/2"]
[PlyCount "109"]
[EventDate "2012.09.28"]

1. d4 c5 2. c3 e6 3. Nf3 Nf6 4. Bf4 cxd4 5. cxd4 Qb6 6. Qb3 Qxb3 7. axb3 Bb4+
8. Nc3 Nc6 9. Bd2 a6 10. Nb1 b5 11. e3 Bb7 12. Bd3 Bxd2+ 13. Nbxd2 Nb4 14. Ke2
Ng4 15. Be4 d5 16. Bb1 Rc8 17. h3 Nf6 18. Rd1 Nd7 19. Bd3 Ke7 20. Rdc1 Rxc1 21.
Rxc1 Rc8 22. Rxc8 Bxc8 23. Nb1 h6 24. Kd2 f6 25. Nc3 Kd6 26. Ne2 g5 27. h4 Nb8
28. hxg5 hxg5 29. Ng3 N8c6 30. Be2 Bd7 31. Nh5 Ke7 32. Ng3 Be8 33. Ne1 Bg6 34.
Nd3 Bxd3 35. Bxd3 Nxd3 36. Kxd3 e5 37. Nf5+ Ke6 38. g4 Nb4+ 39. Kc3 Na2+ 40.
Kc2 e4 41. Kd2 Nb4 42. Ng7+ Kd7 43. Nh5 Ke7 44. Ng3 a5 45. Nf5+ Ke6 46. Ng7+
Kd7 47. Nh5 Ke7 48. Ng3 a4 49. bxa4 bxa4 50. Kc3 Na2+ 51. Kd2 Ke6 52. Kc2 Kd6
53. Nf5+ Kd7 54. Ng3 Ke6 55. Kd2 1/2-1/2

[Event "III Open A"]
[Site "Biella ITA"]
[Date "2012.09.29"]
[Round "3"]
[White "Gerola, Fausto"]
[Black "Arnaudov, G. Petar"]
[WhiteElo "2199"]
[BlackElo "2485"]
[Result "0-1"]
[PlyCount "114"]
[EventDate "2012.09.28"]

1. e4 e5 2. Nf3 Nc6 3. Bc4 Bc5 4. c3 Nf6 5. d4 exd4 6. cxd4 Bb4+ 7. Bd2 Bxd2+
8. Nbxd2 d5 9. exd5 Nxd5 10. O-O O-O 11. Bb5 Nde7 12. Nb3 Qd5 13. Be2 b6 14.
Rc1 Bb7 15. Bc4 Qd6 16. Qd2 Nb4 17. a3 Bxf3 18. Qxb4 Qg6 19. g3 Nd5 20. Qd2 a5
21. Rfe1 Nf6 22. Qf4 Bd5 23. Bxd5 Nxd5 24. Qf3 Rad8 25. Re5 Qd6 26. Nd2 Ne7 27.
Nc4 Qd7 28. Ne3 f6 29. Re4 Rf7 30. h4 Rdf8 31. Ng2 Nf5 32. Rd1 Rd8 33. g4 Ne7
34. Ne3 Rdf8 35. Nf5 Nxf5 36. gxf5 Qb5 37. Rd2 Rd7 38. Rde2 Qd5 39. Kg2 h6 40.
h5 Qa8 41. Re7 Qd8 42. Rxd7 Qxd7 43. Qe4 Rd8 44. Rd2 Qd5 45. Kf3 Qb5 46. d5 Qf1
47. Kg3 Qg1+ 48. Kh3 Qg5 49. Rd4 Qxh5+ 50. Kg3 Re8 51. Qf3 Qg5+ 52. Rg4 Qd2 53.
Re4 Rd8 54. Re7 Rxd5 55. Re8+ Kh7 56. Kh2 Rd3 57. Qg2 Qf4+ 0-1

[Event "III Open A"]
[Site "Biella ITA"]
[Date "2012.09.29"]
[Round "3"]
[White "Melone, Antonio"]
[Black "Milchev, Nikolay"]
[WhiteElo "2149"]
[BlackElo "2422"]
[Result "0-1"]
[PlyCount "86"]
[EventDate "2012.09.28"]

1. d4 Nf6 2. c4 c5 3. d5 e6 4. Nc3 exd5 5. cxd5 Bd6 6. Nf3 O-O 7. Bg5 Re8 8.
Qc2 h6 9. Bh4 Bf8 10. e4 d6 11. Bd3 a6 12. a4 Nbd7 13. O-O g5 14. Bg3 Nh5 15.
Ne2 Qf6 16. Rab1 Ne5 17. Bxe5 dxe5 18. Nd2 b6 19. Rfd1 Bd7 20. Nf1 b5 21. b3
Nf4 22. Ne3 Rec8 23. Ng3 c4 24. bxc4 Nxd3 25. Rxd3 Rc5 26. Rc3 Rac8 27. axb5
axb5 28. Ne2 bxc4 29. Nxc4 Bb5 30. Ne3 Qa6 31. Rxb5 Qxb5 32. Rxc5 Bxc5 33. h3
Qa6 34. Qd2 Rb8 35. Ng4 Kf8 36. Ng3 Bd4 37. Nf5 Rb2 38. Qe1 Qa2 39. Nfe3 h5 40.
Nd1 Rb1 41. Nge3 Bxe3 42. Qxe3 Rxd1+ 43. Kh2 Qd2 0-1